Normal view
MARC view
- El-Samie, Fathi E. Abd
Entry Personal Name
001 - CONTROL NUMBER
- control field: 102598
003 - CONTROL NUMBER IDENTIFIER
- control field: NUST
005 - DATE AND TIME OF LATEST TRANSACTION
- control field: 20221115101538.0
008 - FIXED-LENGTH DATA ELEMENTS
- fixed length control field: 221115|| aca||aabn | a|a d
040 ## - CATALOGING SOURCE
- Original cataloging agency: NUST
- Transcribing agency: NUST
100 ## - HEADING--PERSONAL NAME
- Personal name: El-Samie, Fathi E. Abd
670 ## - SOURCE DATA FOUND
- Source citation: Work cat.: (NUST)211243: El-Samie, Fathi E. Abd., Image super-resolution and applications /
